¿Quién controla el sistema financiero? /
En este folleto se trata el déficit democrático de las instituciones internacionales que formulan estrategias de regulación financiera, haciendo explícita su importancia y los resultados y discusiones realizados en la primera fase del proyecto de Liberación financiera y gobernabilidad global: papel...
Guardado en:
| 企業作者: | |
|---|---|
| 格式: | Texto |
| 語言: | Spanish |
| 出版: |
Rio de Janeiro:
IBASE
2007
|
| 主題: | |
| 標簽: |
添加標簽
沒有標簽, 成為第一個標記此記錄!
|
MARC
| LEADER | 00000 a a2200000 04500 | ||
|---|---|---|---|
| 001 | 38906 | ||
| 003 | cru CIDCACS/IIS | ||
| 005 | 20230529085939.0 | ||
| 008 | 230529e2007 bl ||||| |||| 00| 0 spa d | ||
| 040 | |c CRAI/IIS | ||
| 090 | |a 03.02.01 I59q | ||
| 110 | |a Instituto Brasileño de Análisis Sociales y Económicos | ||
| 245 | |a ¿Quién controla el sistema financiero? / |c Instituto Brasileño de Análisis Sociales y Económicos | ||
| 260 | |a Rio de Janeiro: |b IBASE |c 2007 | ||
| 300 | |a 35 páginas | ||
| 520 | |a En este folleto se trata el déficit democrático de las instituciones internacionales que formulan estrategias de regulación financiera, haciendo explícita su importancia y los resultados y discusiones realizados en la primera fase del proyecto de Liberación financiera y gobernabilidad global: papel de las entidades internacionales, coordinado por Ibase. | ||
| 650 | |a MERCADO FINANCIERO | ||
| 650 | |a RECESION ECONOMICA | ||
| 650 | |a POLITICA FINANCIERA | ||
| 650 | |a SOCIEDAD CIVIL | ||
| 942 | |2 ddc |c LITG |h 03.02.01 I59q |i 06317 |6 030201_I59Q_06317 | ||
| 999 | |c 44989 |d 44989 | ||
